01048nam a22002537a 450000500170000000800410001702000180005804000250007604100080010104400070010908200170011610000430013324501430017626000550031930000400037450000340041450400400044850501190048865000340060765000420064165000370068365000320072070000420075220150624162237.0150624b xxu||||| |||| 00| 0 spa d a9789589900741 aCO-BoIAVHcCO-BoIAVH aspa ack 4a336.01bS96b1 aSuárez-Montoya, AurelioeCoordinador1 aBases de una política económica para la productividad, empleo y la distribución del ingreso/cSuárez Montoya, Aurelio... [et. al.]3 aBogotá:bÉditer Estrategias Educativas,c2009. a157 p.btab., estadisticas.c24 cm. aContiene notas biográficas. aIncluye bibliografía: p. 134-136. aMacroeconomía. Política externa y desarrollo. Mercado interno y políticas sectoriales. Políticas sociales. 4aPolítica exteriorzColombia 4aMacroeconomíaxPolíticazColombia 4aEstructura del MercadozColombia 4aPolítica socialzColombia1 aCardenas, Miguel EduardoeCoordinador